[Event "September"]
[Site "SchemingMind.com"]
[Date "2011.09.30"]
[Round "-"]
[White "e_castle3"]
[Black "NYNH"]
[Result "1-0"]
[WhiteCountry "PHI"]
[BlackCountry "USA"]
[WhiteElo "1850"]
[WhiteRD "56"]
[BlackElo "2034"]
[BlackRD "67"]
[GameID "294255"]

1. e4 c5 2. Nf3 a6 3. g3 g6 4. Bg2 Bg7 5. O-O Nc6 6. c3 Nf6 7. Re1 d5 8. e5 Ng4 9. d4 cxd4 10. cxd4 O-O
11. h3 Nh6 12. Nbd2 Qb6 13. Nb3 Bf5 14. a3 Be4 15. Nc5 Bxf3 16. Bxf3 Rfd8 17. g4 Rac8 18. b4 a5 19. bxa5 Nxa5 20. Bg5 Qc7
21. Rc1 Nc4 22. Rc3 b6 23. Na4 Rd7 24. Qc1 Qa7 25. Bd1 Nxg4 26. hxg4 Qa5 27. Re2 Ra7 28. Bd2 Qa6 29. Be1 Rca8 30. Ra2 Qa5
31. Bc2 Qb5 32. Nb2 Qd7 33. Nxc4 dxc4 34. Qf4 b5 35. Rf3 e6 36. Bb4 Bf8 37. Bxf8 Kxf8 38. Qh6+ Ke8 39. Qxh7 Qe7 40. Be4 Rc8
41. d5 b4 42. d6 Qf8 43. d7+ Rxd7 44. axb4 c3 45. Rc2 Kd8 46. Bxg6 Rc4 47. Qh4+ Ke8 48. Bd3 Rxb4 49. Rxc3 Rb8 50. Bb5
1-0

[Event "September"]
[Site "SchemingMind.com"]
[Date "2011.09.29"]
[Round "-"]
[White "GBEDARD"]
[Black "NYNH"]
[Result "1-0"]
[WhiteCountry "USA"]
[BlackCountry "USA"]
[WhiteElo "2318"]
[WhiteRD "82"]
[BlackElo "2034"]
[BlackRD "67"]
[GameID "294256"]

1. e4 e6 2. d4 d5 3. Nc3 Nf6 4. Bg5 Be7 5. e5 Nfd7 6. Bxe7 Qxe7 7. f4 a6 8. Nf3 c5 9. Qd2 Nc6 10. dxc5 Nxc5
11. O-O-O b5 12. Bd3 b4 13. Ne2 a5 14. Ned4 Nxd4 15. Nxd4 O-O 16. Kb1 Ba6 17. Qe3 Rfc8 18. f5 b3 19. Bxa6 bxc2+ 20. Nxc2 Rxa6
21. Nd4 Ne4 22. Rc1 Raa8 23. Rxc8+ Rxc8 24. Rc1 Rxc1+ 25. Qxc1 Qc5 26. fxe6 fxe6 27. Nxe6 Qe7 28. Qc6 Nd2+ 29. Kc1 Nc4 30. Qxd5 Ne3
31. Qa8+ Kf7 32. Nd8+ Kf8 33. Nc6+ Qe8 34. Qxe8+ Kxe8 35. Kd2 Nxg2 36. Nxa5 Kd7 37. a4 Nh4 38. Ke3 g5 39. Nc4 Ng6 40. b4 Kc6
41. Ke4 Ne7 42. b5+ Kc5 43. e6 h5 44. b6 Kc6 45. a5 g4 46. a6 h4 47. a7 Kb7 48. Nd6+ Ka8 49. Ne8 g3 50. Nc7+
1-0

[Event "September"]
[Site "SchemingMind.com"]
[Date "2011.10.02"]
[Round "-"]
[White "emvarela"]
[Black "NYNH"]
[Result "0-1"]
[WhiteCountry "ARG"]
[BlackCountry "USA"]
[WhiteElo "1787"]
[WhiteRD "47"]
[BlackElo "2073"]
[BlackRD "64"]
[GameID "294257"]

1. e4 c5 2. Nf3 a6 3. Nc3 e6 4. d4 cxd4 5. Nxd4 Qc7 6. Bd3 Nf6 7. O-O Bc5 8. Nb3 Be7 9. Be3 b5 10. f4 Bb7
11. e5 Nd5 12. Nxd5 Bxd5 13. Nd4 d6 14. exd6 Bxd6 15. c3 Nd7 16. Be2 O-O 17. Bf3 Bxf4 18. Bxf4 Qxf4 19. Bxd5 Qe3+ 20. Kh1 exd5
21. Rf3 Qe4 22. Qd2 Rae8 23. Raf1 Nf6 24. Nf5 Qe2 25. Qxe2 Rxe2 26. R3f2 Rxf2 27. Rxf2 Re8 28. h3 Ne4 29. Rf4 g6 30. Nd4 Rc8
31. Kh2 Rc4 32. g4 b4 33. Ne2 bxc3 34. Nxc3 Nxc3 35. Rxc4 dxc4 36. bxc3 f5 37. Kg3 Kf7 38. Kf4 Kf6 39. g5+ Ke6 40. h4 Kd5
41. a3 a5 42. h5 a4 43. hxg6 hxg6 44. Ke3 Ke5
0-1

[Event "September"]
[Site "SchemingMind.com"]
[Date "2011.10.04"]
[Round "-"]
[White "Yellow"]
[Black "NYNH"]
[Result "1-0"]
[WhiteCountry "INT"]
[BlackCountry "USA"]
[WhiteElo "2340"]
[WhiteRD "63"]
[BlackElo "2034"]
[BlackRD "67"]
[GameID "294258"]

1. Nf3 e6 2. d4 Nf6 3. c4 b6 4. Nc3 Bb7 5. a3 d5 6. cxd5 Nxd5 7. e3 Be7 8. Bb5+ c6 9. Bd3 Nxc3 10. bxc3 O-O
11. O-O c5 12. e4 Ba6 13. Bxa6 Nxa6 14. Qe2 Qc8 15. Rd1 Rd8 16. Bf4 Qb7 17. d5 exd5 18. exd5 Bf6 19. Rac1 Nc7 20. c4 Ne8
21. Ne5 Nd6 22. Qg4 Re8 23. Re1 b5 24. Nd7 Bb2 25. Bxd6 Bxc1 26. Nf6+ Kh8 27. Nxe8 Bb2 28. Re7 Qc8 29. Qe2 Bd4 30. Nc7
1-0

[Event "September"]
[Site "SchemingMind.com"]
[Date "2011.10.01"]
[Round "-"]
[White "otsenrechess"]
[Black "NYNH"]
[Result "0-1"]
[WhiteCountry "HUN"]
[BlackCountry "USA"]
[WhiteElo "2147"]
[WhiteRD "45"]
[BlackElo "2034"]
[BlackRD "67"]
[GameID "294259"]

1. e4 e6 2. d4 d5 3. Nd2 c5 4. exd5 Qxd5 5. Ngf3 cxd4 6. Bc4 Qd8 7. O-O a6 8. Nb3 Nc6 9. Nbxd4 Nxd4 10. Qxd4 Qxd4
11. Nxd4 b5 12. Be2 Bb7 13. c4 bxc4 14. Bxc4 Nf6 15. Bf4 Be7 16. Rfd1 O-O 17. Rac1 Nd5 18. Be5 Rac8 19. a3 Nb6
0-1

[Event "September"]
[Site "SchemingMind.com"]
[Date "2011.09.29"]
[Round "-"]
[White "kenneth m day"]
[Black "NYNH"]
[Result "1/2-1/2"]
[WhiteCountry "USA"]
[BlackCountry "USA"]
[WhiteElo "1897"]
[WhiteRD "56"]
[BlackElo "2034"]
[BlackRD "67"]
[GameID "294260"]

1. e4 c5 2. Nf3 a6 3. d3 g6 4. g3 Bg7 5. Bg2 Nc6 6. O-O e6 7. c3 Nge7 8. Bg5 b5 9. Nbd2 Bb7 10. Re1 d6
11. Rc1 O-O 12. Nb3 a5 13. Qd2 a4 14. Na1 a3 15. b3 b4 16. cxb4 Nxb4 17. d4 Na6 18. Nc2 cxd4 19. Nfxd4 Nc5 20. Bh6 Ba6
21. Bxg7 Kxg7 22. Nb4 Qa5 23. Qc3 e5 24. Nf3 Rac8 25. Nxa6 Qxa6 26. Qc4 Qxc4 27. Rxc4 Nd3 28. Rxc8 Rxc8 29. Rd1 Rc1 30. Rxc1 Nxc1
31. Nd2 Nxa2 32. Nb1 Nc1 33. Nxa3 Nxb3 34. Nc4 Nc8 35. Bh3 Ne7 36. Nxd6 Nd4 37. Nc4=
1/2-1/2

[Event "September"]
[Site "SchemingMind.com"]
[Date "2011.09.29"]
[Round "-"]
[White "hdj42"]
[Black "NYNH"]
[Result "0-1"]
[WhiteCountry "ENG"]
[BlackCountry "USA"]
[WhiteElo "1842"]
[WhiteRD "109"]
[BlackElo "2073"]
[BlackRD "64"]
[GameID "294261"]

1. d4 d5 2. c4 Nc6 3. Nf3 Bg4 4. e3 e5 5. Be2 e4 6. Nfd2 Bxe2 7. Qxe2 Nb4 8. Kd1 c6 9. Nc3 f5 10. f3 Nf6
11. fxe4 fxe4 12. Rf1 Bd6 13. cxd5 cxd5 14. Qb5+ Qd7 15. Qxd7+ Kxd7 16. a3 Nd3 17. Rf5 Ke6 18. Rg5 Rhg8 19. b4 h6 20. Rg6 Kf7
21. Rxf6+ gxf6 22. g3 Ke6 23. Nb3 b6 24. Bd2 h5 25. Ke2 h4 26. Nc1 hxg3 27. hxg3 Nxc1+ 28. Rxc1 Rac8 29. Rf1 Rxg3 30. Nb5 Bb8
31. Be1 Rg2+ 32. Kd1 Rcg8 33. Bf2 Rh8 34. Ke1 Rhh2 35. Bg1 Bg3+ 36. Kd1 Rd2+ 37. Kc1 Rc2+ 38. Kb1 Rb2+ 39. Kc1 Rhc2+ 40. Kd1 Rb1+
41. Kxc2 Rxf1 42. Nxa7 Rxg1 43. Kb3 Re1 44. Ka4 Rxe3 45. Nb5 f5 46. Nc7+ Bxc7
0-1

[Event "September"]
[Site "SchemingMind.com"]
[Date "2011.10.01"]
[Round "-"]
[White "Nate_Young"]
[Black "dvaldez"]
[Result "0-1"]
[WhiteCountry "AUS"]
[BlackCountry "CAN"]
[WhiteElo "1772"]
[WhiteRD "72"]
[BlackElo "1976"]
[BlackRD "85"]
[GameID "294312"]

1. e4 c5 2. Nf3 Nc6 3. d4 cxd4 4. Nxd4 Nf6 5. Nc3 e5 6. Ndb5 d6 7. Bg5 a6 8. Na3 b5 9. Nd5 Be7 10. Bxf6 Bxf6
11. c3 Bg5 12. Nc2 O-O 13. a4 bxa4
0-1

[Event "September"]
[Site "SchemingMind.com"]
[Date "2011.09.30"]
[Round "-"]
[White "Nate_Young"]
[Black "e_castle3"]
[Result "0-1"]
[WhiteCountry "AUS"]
[BlackCountry "PHI"]
[WhiteElo "1772"]
[WhiteRD "72"]
[BlackElo "1888"]
[BlackRD "55"]
[GameID "294313"]

1. e4 Nc6 2. d4 d5 3. Nc3 e6 4. Nf3 dxe4 5. Nxe4 h6 6. c3 Nf6 7. Bd3 Be7 8. O-O O-O 9. Nxf6+ Bxf6 10. Qe2 Ne7
11. Bf4 Re8 12. Ne5 Nd5 13. Bd2 Bxe5 14. dxe5 a6 15. Rad1 b5 16. Qe4 f5 17. exf6 Qxf6 18. b3 Rb8 19. c4 Ne7 20. Rfe1 Nf5
21. c5 c6 22. Bf4 Rb7 23. Qxf5 exf5 24. Rxe8+ Kf7
0-1

[Event "September"]
[Site "SchemingMind.com"]
[Date "2011.10.01"]
[Round "-"]
[White "Nate_Young"]
[Black "GBEDARD"]
[Result "0-1"]
[WhiteCountry "AUS"]
[BlackCountry "USA"]
[WhiteElo "1772"]
[WhiteRD "72"]
[BlackElo "2329"]
[BlackRD "80"]
[GameID "294314"]

1. e4 d6 2. d4 Nf6 3. Nc3 g6 4. Nf3 Bg7 5. Be2 O-O 6. O-O c6 7. h3 Nbd7 8. Be3 e5 9. dxe5 dxe5 10. Qd6 Re8
11. Bc4 Bf8 12. Qd2 b5 13. Bb3 b4 14. Ng5 Re7 15. Na4 Ba6 16. Rfd1 h6 17. Nc5 Qa5 18. Nxa6 Qxa6 19. Nxf7 Rxf7 20. Qxd7 Nxd7
21. Rxd7 c5
0-1

[Event "September"]
[Site "SchemingMind.com"]
[Date "2011.10.05"]
[Round "-"]
[White "Nate_Young"]
[Black "Yellow"]
[Result "0-1"]
[WhiteCountry "AUS"]
[BlackCountry "INT"]
[WhiteElo "1967"]
[WhiteRD "84"]
[BlackElo "2340"]
[BlackRD "63"]
[GameID "294316"]

1. e4 e5 2. f4 exf4 3. Bc4 Nf6 4. Nc3 c6 5. d4 Bb4 6. Ne2 Nxe4 7. O-O Nf6 8. Bxf4 d5 9. Bd3 O-O 10. Bg5 Be7
11. Qe1 h6 12. Be3 Na6 13. a3 Nc7 14. h3 Nh5 15. g4 Nf6
0-1

[Event "September"]
[Site "SchemingMind.com"]
[Date "2011.10.03"]
[Round "-"]
[White "Nate_Young"]
[Black "NYNH"]
[Result "0-1"]
[WhiteCountry "AUS"]
[BlackCountry "USA"]
[WhiteElo "1772"]
[WhiteRD "72"]
[BlackElo "2073"]
[BlackRD "64"]
[GameID "294318"]

1. e4 e6 2. d4 d5 3. Nc3 Nf6 4. Bg5 Be7 5. e5 Nfd7 6. h4 Bxg5 7. hxg5 Qxg5 8. Nb5 Qd8 9. Qg4 g6 10. Qf4 a6
11. Nc3 Nc6 12. Nf3 Nf8 13. Rh6 Ne7 14. g4 Ng8 15. Rh1 h6 16. Bd3 Bd7 17. O-O-O Qe7 18. Kb1 O-O-O 19. Qd2 h5 20. Ne2 f5
0-1

[Event "September"]
[Site "SchemingMind.com"]
[Date "2011.09.30"]
[Round "-"]
[White "Nate_Young"]
[Black "kenneth m day"]
[Result "0-1"]
[WhiteCountry "AUS"]
[BlackCountry "USA"]
[WhiteElo "1772"]
[WhiteRD "72"]
[BlackElo "1898"]
[BlackRD "56"]
[GameID "294319"]

1. e4 e6 2. d4 d5 3. Nc3 Nf6 4. Bg5 Be7 5. e5 Nfd7 6. h4 Bxg5 7. hxg5 Qxg5 8. Nb5 Kd8 9. Nf3 Qe7 10. c4 a6
11. Nc3 c5 12. cxd5 exd5 13. Nxd5 Qe6 14. Bc4 Qf5 15. Qd2 Nc6 16. Ne3 Qg6 17. Bd3 Qe6 18. d5 Qe7 19. dxc6 Nxe5 20. Bf5+ Kc7
0-1

[Event "September"]
[Site "SchemingMind.com"]
[Date "2011.10.01"]
[Round "-"]
[White "dvaldez"]
[Black "Nate_Young"]
[Result "1-0"]
[WhiteCountry "CAN"]
[BlackCountry "AUS"]
[WhiteElo "1976"]
[WhiteRD "85"]
[BlackElo "1772"]
[BlackRD "72"]
[GameID "294321"]

1. e4 c5 2. Nf3 d6 3. d4 cxd4 4. Nxd4 Nf6 5. Nc3 a6 6. Be3 Ng4 7. Bg5 h6 8. Bh4 g5 9. Bg3 Bg7 10. h3 Nf6
11. Qf3 Qb6 12. O-O-O O-O 13. e5
1-0

[Event "September"]
[Site "SchemingMind.com"]
[Date "2011.09.30"]
[Round "-"]
[White "e_castle3"]
[Black "Nate_Young"]
[Result "1-0"]
[WhiteCountry "PHI"]
[BlackCountry "AUS"]
[WhiteElo "1888"]
[WhiteRD "55"]
[BlackElo "1772"]
[BlackRD "72"]
[GameID "294322"]

1. e4 c5 2. Nf3 d6 3. g3 Nf6 4. Nc3 Nc6 5. d3 g6 6. Bg2 Bg7 7. O-O O-O 8. Rb1 a6 9. Ne2 b5 10. b3 d5
11. exd5 Nxd5 12. Bb2 Bg4 13. Bxg7 Kxg7 14. h3 Bxf3 15. Bxf3 Rc8 16. Qd2 Qd6 17. Rfd1 Nd4 18. Nxd4 cxd4 19. Bxd5 Qxd5 20. Re1 e6
21. Rbc1 Rc3 22. Qf4 Rfc8 23. Re2 f6 24. f3
1-0

[Event "September"]
[Site "SchemingMind.com"]
[Date "2011.10.01"]
[Round "-"]
[White "GBEDARD"]
[Black "Nate_Young"]
[Result "1-0"]
[WhiteCountry "USA"]
[BlackCountry "AUS"]
[WhiteElo "2329"]
[WhiteRD "80"]
[BlackElo "1772"]
[BlackRD "72"]
[GameID "294323"]

1. e4 c5 2. Nf3 d6 3. d4 cxd4 4. Nxd4 Nf6 5. Nc3 a6 6. Bg5 e6 7. f4 Qb6 8. Qd2 Qxb2 9. Rb1 Qa3 10. Be2 Nbd7
11. O-O Qc5 12. Kh1 Be7 13. f5 e5 14. Ne6 fxe6 15. fxe6 Nb6 16. Qe3 Qxe3 17. Bxe3 Bxe6 18. Bxb6 Rc8 19. Ba5 Bd8 20. Bxd8 Kxd8
21. Rf3 Bg4 22. Rxf6
1-0

[Event "September"]
[Site "SchemingMind.com"]
[Date "2011.10.05"]
[Round "-"]
[White "Yellow"]
[Black "Nate_Young"]
[Result "1-0"]
[WhiteCountry "INT"]
[BlackCountry "AUS"]
[WhiteElo "2340"]
[WhiteRD "63"]
[BlackElo "1967"]
[BlackRD "84"]
[GameID "294325"]

1. Nf3 Nf6 2. d4 g6 3. c4 Bg7 4. g3 O-O 5. Bg2 d6 6. O-O Nc6 7. Nc3 a6 8. b3 Rb8 9. e3 b5 10. Nd2 Bg4
11. f3 Bf5 12. Bb2 Nb4 13. e4 Bc8 14. Ne2
1-0

[Event "September"]
[Site "SchemingMind.com"]
[Date "2011.10.04"]
[Round "-"]
[White "NYNH"]
[Black "Nate_Young"]
[Result "1-0"]
[WhiteCountry "USA"]
[BlackCountry "AUS"]
[WhiteElo "2034"]
[WhiteRD "67"]
[BlackElo "1967"]
[BlackRD "84"]
[GameID "294327"]

1. d4 Nf6 2. c4 g6 3. Nc3 Bg7 4. e4 d6 5. f3 O-O 6. Be3 c5 7. Nge2 Nc6 8. d5 Ne5 9. Ng3 h5 10. Be2 h4
11. Nf1 e6 12. f4 Neg4 13. Bxg4 Nxg4 14. Qxg4 exd5 15. f5 d4 16. Nd5 dxe3 17. Nfxe3 Bxb2 18. O-O Bd4 19. Kh1 Re8 20. Rae1 Rf8
21. Rf3
1-0

[Event "September"]
[Site "SchemingMind.com"]
[Date "2011.10.01"]
[Round "-"]
[White "kenneth m day"]
[Black "Nate_Young"]
[Result "1-0"]
[WhiteCountry "USA"]
[BlackCountry "AUS"]
[WhiteElo "1898"]
[WhiteRD "56"]
[BlackElo "1772"]
[BlackRD "72"]
[GameID "294328"]

1. e4 c5 2. Nf3 d6 3. d3 Nc6 4. Nc3 g6 5. g3 Bg7 6. Bg2 Nf6 7. O-O O-O 8. Re1 Bg4 9. h3 Bxf3 10. Bxf3 Nd7
11. Bd2 e6 12. Bg2 a6 13. f4 h5 14. Rb1 Rc8 15. Qf3 h4 16. Qg4 hxg3 17. Qxg3 Nd4 18. Rbc1 Bf6 19. Qg4
1-0